Σχεδιασμός και υλοποίηση δικτύων : από μικρά δίκτυα γραφείου μέχρι μεγάλα δίκτυα επιχειρήσεων

Saved in:
Bibliographic Details
Main Author: Αρσένης, Σπύρος
Format: Book
Language:Greek
Published: Αθήνα : Κλειδάριθμος, c2005
Subjects:
Tags: Add Tag
No Tags, Be the first to tag this record!

MARC

LEADER 00000nam a2200000 i 4500
001 1/53299
008 070830s2005 gre d
020 |a 960-209-877-5 
035 |l 10090249 
040 |a GR-MY-UA  |b gre  |e aacr 
041 0 |a gre 
082 0 |a 004.21  |2 (22) 
100 1 |a Αρσένης, Σπύρος. 
245 1 0 |a Σχεδιασμός και υλοποίηση δικτύων :  |b από μικρά δίκτυα γραφείου μέχρι μεγάλα δίκτυα επιχειρήσεων /  |c Σπύρος Δ. Αρσένης 
260 |a Αθήνα :   |b Κλειδάριθμος,   |c c2005 
300 |a 376 σ. ;  |b σχέδια ;  |c 24 εκ.  
504 |a Περιέχει βιβλιογραφία 
650 0 0 |a Computer networks  |x Design and construction. 
650 0 0 |a Computer networks  |x Problems, exercises, etc. 
852 |a INST  |b LESVOS  |e 20070830  |h 004.21 ΑΡΣ  |p 005100037702  |q 005100037702  |t BK  |y 0 
901 |a BIBL1-2007-2 
909 |a Λ  |b 136534 
922 |a 1ΕΛΗ  |b 2007-07  |c ΕΠΕΑΕΚ2/ΤΓ  |d Σ. ΠΑΤΑΚΗΣ 
970 |a ΧΑΤΖΗΜΙΧΑΗΛ  |b ΜΑΡΙΑ  |z 2007/08/30